UM Logo

Extent of implementation of policy in using cellular phones at the University of Mindanao Digos College/ (Record no. 2705)

MARC details
000 -LEADER
fixed length control field 00666nam a22001577a 4500
008 - FIXED-LENGTH DATA ELEMENTS--GENERAL INFORMATION
fixed length control field 160525b xxu||||| |||| 00| 0 eng d
082 ## - DEWEY DECIMAL CLASSIFICATION NUMBER
Edition number 2010
Classification number UT 0204
Item number C26
100 ## - MAIN ENTRY--PERSONAL NAME
9 (RLIN) 8934
Personal name Casagan, Aprilyn Vi Ann N.
245 ## - TITLE STATEMENT
Title Extent of implementation of policy in using cellular phones at the University of Mindanao Digos College/
Statement of responsibility, etc. Aprilyn Vi Ann N. Casagan, Sherwin P. Cromente and Florie Joy A. Casia.
260 ## - PUBLICATION, DISTRIBUTION, ETC. (IMPRINT)
Place of publication, distribution, etc. Digos City:
Name of publisher, distributor, etc. UMDC
Date of publication, distribution, etc. March 2010.
300 ## - PHYSICAL DESCRIPTION
Extent 40 pages;
Dimensions 28 cm.
650 #0 - SUBJECT ADDED ENTRY--TOPICAL TERM
9 (RLIN) 8932
Topical term or geographic name as entry element Business Administration
Form subdivision Marketing Management
General subdivision Undergraduate thesis.
700 ## - ADDED ENTRY--PERSONAL NAME
9 (RLIN) 8930
Personal name Cromente, Sherwin P.
700 ## - ADDED ENTRY--PERSONAL NAME
9 (RLIN) 8931
Personal name Casia, Florie Joy A.
942 ## - ADDED ENTRY ELEMENTS (KOHA)
Source of classification or shelving scheme Dewey Decimal Classification
Koha item type Undergraduate Thesis
Holdings
Withdrawn status Lost status Source of classification or shelving scheme Damaged status Not for loan Collection code Home library Current library Date acquired Total Checkouts Full call number Barcode Date last seen Price effective from Koha item type
    Dewey Decimal Classification     Undergraduate Theses UM Digos College - LIC UM Digos College - LIC 05/25/2016   UT 0204 C26 2010 UT0204 05/25/2016 05/25/2016 Undergraduate Thesis